| 000 | 00488nam a2200181Ia 4500 | ||
|---|---|---|---|
| 003 | OSt | ||
| 005 | 20240817105752.0 | ||
| 008 | 210210b1959 xxu||||| |||| 00| 0 eng d | ||
| 040 | _cAL | ||
| 041 | _aKannada | ||
| 082 | _a854/256 | ||
| 100 |
_aRAMANNA (S K) _9146730 _dರಾಮಣ್ಣ |
||
| 245 |
_aBhasakathamanjari: _bಬಾಸಕಥಾಮಂಜರಿ |
||
| 260 |
_aMaisuru _bSharada Mandira _c1959 |
||
| 690 |
_aKannada Criticism _9146731 |
||
| 906 | _a020105 | ||
| 942 |
_2ddc _cBK |
||
| 999 |
_c144256 _d144256 |
||